Revista jurd̕ica para empresarios

Detalles Bibliográficos
Formato: Desconocido
Lenguaje:español
Publicado: Madrid : Hispajuris
Materias:
Acceso en línea:Acceso restringido

MARC

LEADER 00000ny a22000003n 4500
005 20110517111328.0
008 070808c20uu9999sp zr p 0uuub0spa d
035 |a 770 
040 |a BUAL  |d vLex 
080 |a 347.72(05):681.3.004.4 
090 |c 2006  |d 2006 
245 0 0 |a Revista jurd̕ica para empresarios  |h [Recurso electrn̤ico] 
256 |a Servicio en ln̕ea 
260 |a Madrid :  |b Hispajuris 
310 |a Irregular 
506 1 |a Contenido solo disponible en los productos indicados  |d vLex Global  |d vLex Global (Academic Edition, excluding Law Schools)  |d vLex Global (U.S. Academic Edition, Law Schools)  |d vLex Global (U.S. Academic Edition, excluding Law Schools)  |d vLex Global (Academic Edition, Law Schools) 
650 0 7 |a Societario  |2 Tesauro vLex 
650 0 7 |a Empresa y empresario  |2 Tesauro vLex 
740 0 |a vLex Revista (Servicios en ln̕ea) 
843 |a Electrn̤ica. Abierta 
853 |8 1  |i (year)  |j (month)  |k (day) 
856 4 0 |u http://vlex.com/source/770  |z Acceso restringido 
942 |c REV